Logo par description approximative - Statistiques

Statistiques générales
  • Ce quiz a été pris 788 fois
  • Le résultat moyen est 13 sur 20
Statistiques - réponses
Description Réponse % Correct
Une pomme un peu mangée. Apple
100%
C'est un petit oiseau bleu qui vole (peut-être un moineau...) Twitter
92%
Un N rouge sur un fond noir. Netflix
89%
4 anneaux entrelacés. Audi
85%
Un petit fantome blanc, sur fond jaune. Snapchat
84%
2 "C" entrelacés, un à l'endroit et l'autre a l'envers. Chanel
81%
Ça ressemble au contour d'un écran de télé,un fond rouge, et un signe "Lecture ou Play" à l'intérieur. Youtube
81%
Une sorte de petit bonhomme jaune avec une tête noir qui cache un crayon. Bic
75%
Un "V" et un "W" sur un fond bleu. Volkswagen
65%
Une grand "M" jaune. Mc Donald
63%
Le fond est vert, il y a une bulle blanche avec un téléphone à l'intérieur. What's app
63%
Une sorte de coquille St Jacques jaune et rouge. Shell
60%
Le fond est vert, et on voit 3 traits noir un peu arrondi, les uns en dessous des autres. Spotify
60%
Un fond un peu rouge, avec devant une flamme blanche. Tinder
58%
On voit le nom de la société, avec en dessous un grand sourire jaune. Amazon
56%
Un homme, un peu âgé, barbu qui sourit sur un fond rouge. KFC
55%
Une boule verte, avec à l'intérieur un grand X blanc. Xbox
51%
On dirait un petit robot, souvent vert. Android
47%
Un rectangle rouge, avec à l'intérieur un "P" entouré d'un cercle blanc. Pinterest
47%
Le nom de la marque en bas, et au dessus un grand château et un trait (comme un arc en ciel). Walt Disney
22%
Aucun quiz correspondant
Distribution des résultats
% des personnes avec chaque résultat
Percentile par nombre de réponses
Votre historique - résultats
Vous n’avez pas pris ce quiz